[Event "Open13 2007/2008"]
[Site "?"]
[Date "2007.12.08"]
[Round "4"]
[White "Chauvet, Jean-Marc"]
[Black "Baquer, Marc"]
[Result "1/2-1/2"]
[WhiteElo "2004"]
[BlackElo "1890"]
[PlyCount "54"]

1. e4 e6 2. d4 d5 3. e5 c5 4. c3 Nc6 5. Nf3 Bd7 6. Bd3 cxd4 7. cxd4 Qb6 8. O-O
Nxd4 9. Nxd4 Qxd4 10. Nc3 a6 11. Re1 Qb6 12. Be3 d4 13. Na4 Qb4 14. Bc2 dxe3
15. Rxe3 Bxa4 16. Bxa4+ b5 17. Qf3 Rd8 18. Qc6+ Ke7 19. Rd1 Rxd1+ 20. Bxd1 Qd4
21. Be2 Nh6 22. Qb7+ Qd7 23. Qxa6 Nf5 24. Qa3+ Ke8 25. Qa8+ Ke7 26. Qa3+ Ke8
27. Qa8+ Ke7 1/2-1/2

[Event "Open13 2007/2008"]
[Site "?"]
[Date "2007.12.08"]
[Round "4"]
[White "Catalayud, Stephane"]
[Black "Busson, Benoist"]
[Result "0-1"]
[WhiteElo "1620"]
[BlackElo "2046"]
[PlyCount "50"]

1. e4 e5 2. f4 d5 3. exd5 c6 4. d4 exd4 5. Nf3 Qxd5 6. Bd3 Bg4 7. Nbd2 Nd7 8.
O-O O-O-O 9. a3 Nh6 10. Be4 Qh5 11. Qe2 Nc5 12. b4 Nxe4 13. Nxe4 Nf5 14. b5
Bxf3 15. Rxf3 Nh4 16. bxc6 Nxf3+ 17. gxf3 Qg6+ 18. Kh1 Qxc6 19. Rb1 h6 20. Nf2
Bd6 21. Nd3 Rhe8 22. Qg2 b6 23. Qg4+ Kb7 24. Qg2 Rc8 25. Ne1 Rxe1+ 0-1

[Event "Open13 2007/2008"]
[Site "?"]
[Date "2007.12.08"]
[Round "4"]
[White "Pieri, Thierry"]
[Black "Milesi, Laurent"]
[Result "0-1"]
[WhiteElo "1926"]
[BlackElo "2153"]
[PlyCount "71"]

1. d4 b6 2. e4 Bb7 3. Bd3 e6 4. Nf3 c5 5. c3 Nf6 6. Qe2 Be7 7. O-O d5 8. e5
Nfd7 9. Be3 Nc6 10. a3 c4 11. Bc2 b5 12. Nbd2 h6 13. h3 Qc7 14. Nh2 O-O-O 15.
b3 f6 16. f4 g5 17. exf6 Bxf6 18. fxg5 hxg5 19. Ng4 Be7 20. bxc4 bxc4 21. Nf3
Rdg8 22. Qd2 Qg3 23. Bf2 Qf4 24. Qe1 Bd6 25. Nfe5 Ncxe5 26. Bg3 Nd3 27. Bxf4
Nxe1 28. Bxd6 Nxc2 29. Rab1 Rh4 30. Kf2 Rxg4 31. hxg4 Nf6 32. Kg1 Ne4 33. Be5
Nxc3 34. Rb2 Ne2+ 35. Kh2 Ne3 36. Kh3 0-1

[Event "Open13 2007/2008"]
[Site "?"]
[Date "2007.12.08"]
[Round "4"]
[White "Girard, Jean-Pierre"]
[Black "Nakache, Jonathan"]
[Result "1-0"]
[WhiteElo "1992"]
[BlackElo "1940"]
[PlyCount "63"]

1. e4 c5 2. Nf3 Nc6 3. d4 cxd4 4. Nxd4 Nf6 5. Nc3 e5 6. Ndb5 d6 7. Bg5 a6 8.
Na3 b5 9. Bxf6 gxf6 10. Nd5 f5 11. exf5 Bxf5 12. c3 Bg7 13. Nc2 O-O 14. Nce3
Be6 15. g3 f5 16. f4 e4 17. Bg2 b4 18. O-O bxc3 19. bxc3 Qa5 20. g4 Bxc3 21.
Rc1 Bd4 22. Ne7+ Kf7 23. Rxc6 Bxe3+ 24. Kh1 Bc5 25. Nxf5 Bxf5 26. gxf5 Kg7 27.
Bxe4 Rae8 28. Qd5 Qb4 29. Bd3 Re1 30. Rc7+ Kh8 31. Rxh7+ Kxh7 32. f6+ 1-0

[Event "Open13 2007/2008"]
[Site "?"]
[Date "2007.12.08"]
[Round "4"]
[White "Thiers, Jean-Jacques"]
[Black "Reymond, Jean-Francois"]
[Result "0-1"]
[WhiteElo "1870"]
[BlackElo "1690"]
[PlyCount "66"]

1. e4 d5 2. exd5 Qxd5 3. Nc3 Qa5 4. d4 c6 5. Bc4 e6 6. Nf3 Nf6 7. O-O Be7 8.
Re1 O-O 9. Bf4 b5 10. Bd3 Nbd7 11. Ne4 Bb7 12. c3 Nxe4 13. Bxe4 Nf6 14. Bd3 a6
15. Qc2 c5 16. dxc5 Bxf3 17. gxf3 b4 18. cxb4 Qxb4 19. Be3 Bd8 20. a3 Qh4 21.
Kf1 Nd5 22. Ke2 Bc7 23. Rh1 Qh5 24. Rag1 Bf4 25. Rg4 Bxe3 26. fxe3 f5 27. Rg2
f4 28. Rhg1 Rf7 29. Bc4 Qe5 30. e4 Ne3 31. Qb3 Rb8 32. Rxg7+ Rxg7 33. Bxe6+ Kf8
0-1

[Event "Open13 2007/2008"]
[Site "?"]
[Date "2007.12.08"]
[Round "4"]
[White "Estevez, Ange"]
[Black "Corrias, Robert"]
[Result "1/2-1/2"]
[WhiteElo "1632"]
[BlackElo "1820"]
[PlyCount "72"]

1. e4 Nc6 2. d4 e5 3. d5 Nce7 4. Nf3 d6 5. c4 Nf6 6. Nc3 Ng6 7. Be2 Be7 8. a4
O-O 9. O-O a5 10. h3 b6 11. Be3 Nd7 12. Nh2 Bg5 13. Bg4 Bxe3 14. fxe3 Qg5 15.
Qe2 Nc5 16. Bxc8 Raxc8 17. Rf3 f5 18. exf5 Rxf5 19. Rxf5 Qxf5 20. Rf1 Qd3 21.
Qxd3 Nxd3 22. Rb1 Re8 23. Nb5 Re7 24. Nf3 h6 25. Na7 Kf8 26. Nc6 Rf7 27. Nd8
Rd7 28. Nc6 Ne7 29. b4 axb4 30. Nxb4 Nc5 31. Ra1 Nf5 32. Nc2 Nb3 33. Ra3 Na5
34. Nd2 Rf7 35. e4 Nd4 36. Nxd4 exd4 1/2-1/2

[Event "Open13 2007/2008"]
[Site "?"]
[Date "2007.12.08"]
[Round "4"]
[White "Crapon, Laurent"]
[Black "Alard, Francis"]
[Result "1/2-1/2"]
[WhiteElo "1810"]
[BlackElo "1690"]
[PlyCount "56"]

1. d4 d5 2. c4 e6 3. Nc3 Nf6 4. Nf3 Nbd7 5. Bf4 Be7 6. e3 O-O 7. Be2 dxc4 8.
Bxc4 Nb6 9. Bb3 Nh5 10. Bg3 Nxg3 11. hxg3 Nd5 12. Qc2 g6 13. O-O-O b6 14. Rh6
Kg7 15. Rdh1 Rh8 16. g4 Qg8 17. Qe4 Kf8 18. g5 Ke8 19. Qh4 Nxc3 20. bxc3 Bd6
21. Rxh7 Rxh7 22. Qxh7 Qxh7 23. Rxh7 b5 24. Kc2 Kf8 25. Nd2 Kg8 26. Rh6 Kg7 27.
Rh4 Bb7 28. g3 Rh8 1/2-1/2

[Event "Open13 2007/2008"]
[Site "?"]
[Date "2007.12.08"]
[Round "4"]
[White "Brot, Fabrice"]
[Black "Battaglia, Gerard"]
[Result "0-1"]
[WhiteElo "1710"]
[BlackElo "1860"]
[PlyCount "60"]

1. f4 Nf6 2. b3 e6 3. Bb2 d5 4. Nf3 c5 5. e3 Be7 6. Bb5+ Nbd7 7. O-O O-O 8. Ne5
Nb8 9. Bd3 a6 10. c4 b6 11. Qc2 Bb7 12. Rf3 Ne4 13. Bxe4 dxe4 14. Rg3 f6 15.
Ng4 g6 16. Qd1 Kf7 17. Rh3 Rh8 18. Nf2 Nd7 19. Qc2 Qc7 20. Nxe4 e5 21. fxe5
Nxe5 22. d4 cxd4 23. exd4 Ng4 24. d5 Bxd5 25. Qe2 Bxe4 26. Qxe4 Bc5+ 27. Bd4
Rad8 28. Re3 Qxh2+ 29. Kf1 Qh1+ 30. Ke2 Rhe8 0-1

[Event "Open13 2007/2008"]
[Site "?"]
[Date "2007.12.08"]
[Round "4"]
[White "Israel, Daniel"]
[Black "Parroco, Pierre-Jean"]
[Result "1/2-1/2"]
[WhiteElo "1760"]
[BlackElo "1765"]
[PlyCount "95"]

1. d4 Nf6 2. c4 e6 3. Nf3 b6 4. g3 Bb7 5. Bg2 Be7 6. O-O O-O 7. Nc3 Ne4 8. Nxe4
Bxe4 9. b3 d5 10. Bb2 c6 11. Rc1 Nd7 12. cxd5 cxd5 13. Qd2 Nf6 14. Rc6 Bxf3 15.
Bxf3 Qd7 16. Rfc1 Rfc8 17. Rxc8+ Rxc8 18. Rc2 Bd6 19. Qc1 Rxc2 20. Qxc2 Qc7 21.
Qd3 h6 22. e4 dxe4 23. Bxe4 Nxe4 24. Qxe4 Qc8 25. d5 exd5 26. Qxd5 Bf8 27. Bd4
Qc1+ 28. Kg2 Qa3 29. Qa8 Kh7 30. Qe4+ Kg8 31. Qa8 Kh7 32. Qe4+ Kg8 33. Qc2 Qd6
34. Be3 Qd5+ 35. Kg1 Qb7 36. a4 a6 37. Qc4 b5 38. axb5 axb5 39. Qg4 Qc6 40. b4
Qg6 41. Qxg6 fxg6 42. Bd2 Kf7 43. Kf1 Ke6 44. Ke2 Kd5 45. Kd3 Bd6 46. f4 h5 47.
h4 Be7 48. Be1 1/2-1/2

[Event "Open13 2007/2008"]
[Site "?"]
[Date "2007.12.08"]
[Round "4"]
[White "Cortes, Antoine"]
[Black "Colandrea, Sauveur"]
[Result "0-1"]
[WhiteElo "2151"]
[BlackElo "1907"]
[PlyCount "46"]

1. Nf3 d6 2. c4 c5 3. d4 Nf6 4. Nc3 cxd4 5. Nxd4 g6 6. e4 Bg7 7. Be2 O-O 8. O-O
Nc6 9. Be3 Bd7 10. Nc2 Rc8 11. f3 Na5 12. b3 b5 13. Nxb5 Bxb5 14. cxb5 Nd7 15.
Rc1 Bb2 16. Rb1 Bg7 17. Bxa7 Qc7 18. b6 Qxc2 19. Ba6 Rc6 20. b4 Qxa2 21. Rf2
Bd4 22. Qxd4 Qxb1+ 23. Rf1 Nb3 0-1

[Event "Open13 2007/2008"]
[Site "?"]
[Date "2007.12.08"]
[Round "4"]
[White "Pierrugues, Laurent"]
[Black "Gomez, Guy"]
[Result "1-0"]
[WhiteElo "1860"]
[BlackElo "1650"]
[PlyCount "73"]

1. Nf3 g6 2. g3 Bg7 3. Bg2 d6 4. d4 Nf6 5. O-O O-O 6. c4 Nbd7 7. Nc3 c5 8. d5
Nb6 9. Nd2 Ng4 10. Rb1 Bd7 11. h3 Ne5 12. b3 Nexc4 13. bxc4 Bxc3 14. Qb3 Bg7
15. Bb2 Qc8 16. Bxg7 Kxg7 17. Kh2 Qc7 18. e4 Bc8 19. f4 Nd7 20. Nf3 b6 21. Qc3+
Kg8 22. e5 Rb8 23. Rbe1 Re8 24. e6 fxe6 25. dxe6 Nf8 26. Ng5 h6 27. Nf7 Bxe6
28. Nxh6+ Kh7 29. f5 Bg8 30. Nxg8 Kxg8 31. Bd5+ e6 32. fxe6 Qg7 33. e7+ Kh8 34.
exf8=Q+ Rxf8 35. Rxf8+ Rxf8 36. Qxg7+ Kxg7 37. Kg2 1-0

[Event "Open13 2007/2008"]
[Site "?"]
[Date "2007.12.08"]
[Round "4"]
[White "Kolb, Sebastien"]
[Black "Pleynet, Olivier"]
[Result "1-0"]
[WhiteElo "2176"]
[BlackElo "1918"]
[PlyCount "103"]

1. e4 c5 2. Nf3 Nc6 3. d4 cxd4 4. Nxd4 g6 5. Nc3 Bg7 6. Be3 Nf6 7. Bc4 O-O 8.
f3 d6 9. Qd2 Re8 10. O-O-O Bd7 11. h4 h5 12. Bb3 Na5 13. Bh6 Nxb3+ 14. cxb3 Qa5
15. Bxg7 Kxg7 16. Kb1 Rac8 17. g4 hxg4 18. h5 gxh5 19. f4 Rh8 20. e5 dxe5 21.
b4 Qc7 22. fxe5 Qxe5 23. Rhe1 Qc7 24. Rxe7 Qb6 25. Rf1 Kf8 26. Nd5 Qd6 27. Qg5
Qxd5 28. Qxd5 Nxd5 29. Rfxf7+ Kg8 30. Rg7+ Kf8 31. Ref7+ Ke8 32. Rxd7 Rf8 33.
a3 Rc7 34. Rxc7 Nxc7 35. Rxc7 Rf7 36. Rc8+ Kd7 37. Rg8 Rf2 38. Rg5 Rh2 39. Rg7+
Kc8 40. Nf5 a6 41. Nd6+ Kd8 42. Nxb7+ Ke8 43. Nd6+ Kf8 44. Nf5 Ke8 45. Rg5 Kf7
46. Nh6+ Kf6 47. Nxg4+ Kxg5 48. Nxh2 Kf4 49. a4 Ke4 50. b5 axb5 51. a5 Kd5 52.
b4 1-0

[Event "Open13 2007/2008"]
[Site "?"]
[Date "2008.01.12"]
[Round "5"]
[White "Thiers, Jean-Jacques"]
[Black "Estevez, Ange"]
[Result "1/2-1/2"]
[WhiteElo "1870"]
[BlackElo "1632"]
[PlyCount "36"]

1. d4 d5 2. c4 e5 3. cxd5 Qxd5 4. e3 exd4 5. Qxd4 Qxd4 6. exd4 Bb4+ 7. Bd2
Bxd2+ 8. Nxd2 Nf6 9. Rc1 Nc6 10. Nb3 O-O 11. f3 Re8+ 12. Kf2 Be6 13. Bc4 Bxc4
14. Rxc4 Nd5 15. Ne2 Ncb4 16. Nbc1 Re7 17. a3 Na6 18. Nb3 Rae8 1/2-1/2

[Event "Open13 2007/2008"]
[Site "Meyreuil"]
[Date "2008.01.12"]
[Round "5"]
[White "Reymond, Jean-Francois"]
[Black "Pierrugues, Laurent"]
[Result "0-1"]
[WhiteElo "1690"]
[BlackElo "1860"]
[PlyCount "74"]

1. e4 e6 2. f4 d5 3. e5 c5 4. d3 Nc6 5. c3 Nh6 6. Nf3 Bd7 7. Be2 Qb6 8. O-O Be7
9. Na3 Nf5 10. Nc2 g6 11. Ne3 Nxe3 12. Bxe3 Qc7 13. b3 h6 14. d4 cxd4 15. cxd4
Ba3 16. Bf2 Rc8 17. Bh4 Qb6 18. Bf6 Rg8 19. Rb1 Nxd4 20. Kh1 Nxe2 21. b4 Nc3
22. Qb3 Nxb1 23. Rxb1 Rc1+ 24. Rxc1 Bxc1 25. a4 a6 26. b5 Be3 27. Ne1 Bc5 28.
Nd3 axb5 29. Nxc5 Qxc5 30. h3 Bc6 31. axb5 Bxb5 32. Qa2 Kd7 33. Qb2 Rc8 34. Kh2
Ra8 35. Bh4 Bc6 36. Be1 Ra4 37. Bf2 d4 0-1

[Event "Open13 2007/2008"]
[Site "Meyreuil"]
[Date "2008.01.12"]
[Round "5"]
[White "Alard, Francis"]
[Black "Gomez, Guy"]
[Result "0-1"]
[WhiteElo "1660"]
[BlackElo "1660"]
[PlyCount "92"]

1. e4 e6 2. d4 d5 3. Nd2 Nf6 4. e5 Nfd7 5. Bd3 c5 6. c3 Nc6 7. Ne2 Qb6 8. Nf3
cxd4 9. cxd4 Bb4+ 10. Kf1 f6 11. exf6 Nxf6 12. Ne5 Nxe5 13. dxe5 Ng4 14. Nd4
Nxe5 15. Qh5+ Nf7 16. Nb3 Bd7 17. Be3 Qd6 18. a3 Qe5 19. Qxe5 Nxe5 20. Be2 Bd6
21. Nc5 Bc8 22. Bd4 b6 23. Nd3 Nxd3 24. Bxd3 e5 25. Re1 e4 26. Bb5+ Bd7 27.
Bxd7+ Kxd7 28. Bxg7 Rhg8 29. Bd4 Raf8 30. g3 Bc5 31. Bxc5 bxc5 32. Kg2 Rf3 33.
Re3 Rgf8 34. Rf1 Kd6 35. Rxf3 Rxf3 36. Re1 Rb3 37. Re2 Ke5 38. Kf1 Kf5 39. Ke1
c4 40. Rc2 Kg4 41. h4 e3 42. Rc3 exf2+ 43. Kxf2 Rxb2+ 44. Ke1 Rb3 45. Rxb3 cxb3
46. Kd2 d4 0-1

[Event "Open13 2007/2008"]
[Site "Meyreuil"]
[Date "2008.01.12"]
[Round "5"]
[White "Parroco, Pierre-Jean"]
[Black "Chauvet, Jean-Marc"]
[Result "0-1"]
[WhiteElo "1765"]
[BlackElo "2010"]
[PlyCount "54"]

1. e4 e6 2. d3 d5 3. Nd2 c5 4. Ngf3 Nc6 5. g3 Nf6 6. Bg2 g6 7. O-O Bg7 8. Re1
O-O 9. c3 b5 10. e5 Nd7 11. d4 Qb6 12. Nf1 a5 13. Be3 c4 14. Qd2 b4 15. Bh6 Rb8
16. Bxg7 Kxg7 17. Rab1 Ba6 18. Qd1 Rb7 19. N3d2 Rfb8 20. f4 Nxd4 21. cxd4 Qxd4+
22. Ne3 Qa7 23. Kh1 Nc5 24. Bxd5 exd5 25. f5 Nd3 26. f6+ Kh8 27. Rf1 Qxe3 0-1

[Event "Open13 2007/2008"]
[Site "Meyreuil"]
[Date "2008.01.12"]
[Round "5"]
[White "Anton, Jose"]
[Black "Kolb, Sebastien"]
[Result "0-1"]
[WhiteElo "2004"]
[BlackElo "2176"]
[PlyCount "80"]

1. e4 c5 2. d4 cxd4 3. c3 Nf6 4. e5 Nd5 5. Bc4 Qc7 6. Qe2 Nb6 7. Bd3 Nc6 8. Nf3
d5 9. exd6 Qxd6 10. O-O g6 11. Na3 Bg7 12. Nb5 Qb8 13. Nbxd4 Nxd4 14. Nxd4 e5
15. f4 O-O 16. fxe5 Qxe5 17. Qf3 Qd5 18. Be4 Qd7 19. Bg5 Nc4 20. Rad1 Ne5 21.
Qe3 Ng4 22. Qg3 Be5 23. Qh4 Qc7 24. Nf3 Bg7 25. Kh1 Qb6 26. Rd2 Ne3 27. Re1 Nf5
28. Qf4 f6 29. Bd5+ Kh8 30. Bh4 Bh6 31. Bxf6+ Qxf6 32. Qc4 Bxd2 33. Nxd2 Nd6
34. Qd3 Bf5 35. Qg3 Rae8 36. Rf1 Qe5 37. Qh4 Qe7 38. Qb4 Qe5 39. c4 Bd3 40. Nf3
Rxf3 0-1

[Event "Open13 2007/2008"]
[Site "Meyreuil"]
[Date "2008.01.12"]
[Round "5"]
[White "Milesi, Laurent"]
[Black "Cortes, Antoine"]
[Result "0-1"]
[WhiteElo "2155"]
[BlackElo "2160"]
[PlyCount "74"]

1. f4 g6 2. Nf3 Bg7 3. c3 d6 4. e4 Nf6 5. Be2 O-O 6. d3 c5 7. Qc2 Nc6 8. O-O b6
9. Na3 Bb7 10. Kh1 Rc8 11. Bd2 a6 12. Nc4 b5 13. Ne3 d5 14. e5 Ne8 15. a4 d4
16. axb5 axb5 17. Nd1 dxc3 18. bxc3 b4 19. Qb2 Rb8 20. Be3 Qd5 21. c4 Qd8 22.
Bxc5 f6 23. d4 fxe5 24. fxe5 Qc7 25. Ne3 Nxe5 26. Nxe5 Rxf1+ 27. Rxf1 Bxe5 28.
dxe5 Qxc5 29. Ng4 Qc6 30. Bf3 Qxc4 31. Qf2 Bxf3 32. Qxf3 Nc7 33. h4 b3 34. e6
Qxe6 35. h5 b2 36. hxg6 b1=Q 37. Nh6+ Kg7 0-1

[Event "Open13 2007/2008"]
[Site "Meyreuil"]
[Date "2008.01.12"]
[Round "5"]
[White "Busson, Benoist"]
[Black "Colandrea, Sauveur"]
[Result "1/2-1/2"]
[WhiteElo "2046"]
[BlackElo "1921"]
[PlyCount "26"]

1. e4 d6 2. d4 Nf6 3. Nc3 Nbd7 4. f4 e5 5. Nf3 exd4 6. Qxd4 c6 7. Bc4 d5 8.
exd5 Bc5 9. Qd2 Qe7+ 10. Qe2 Nb6 11. Qxe7+ Kxe7 12. Bd3 Nbxd5 13. Na4 Bd6
1/2-1/2

[Event "Open13 2007/2008"]
[Site "Meyreuil"]
[Date "2008.01.12"]
[Round "5"]
[White "Montanelli, Tristan"]
[Black "Crapon, Laurent"]
[Result "1-0"]
[WhiteElo "1800"]
[BlackElo "1810"]
[PlyCount "99"]

1. e4 e5 2. Nf3 Nc6 3. d4 exd4 4. Bc4 Bc5 5. c3 d3 6. b4 Bb6 7. a4 a6 8. O-O d6
9. Re1 Nge7 10. Be3 Bxe3 11. Rxe3 Be6 12. Bxe6 fxe6 13. Rxd3 Ng6 14. g3 O-O 15.
Nd4 Nxd4 16. cxd4 d5 17. Nc3 c6 18. Ra3 Rf7 19. e5 Qe7 20. Rb3 Re8 21. f3 Qg5
22. Kh1 Qh5 23. Nb1 Qh3 24. Nd2 Ne7 25. Qf1 Qxf1+ 26. Nxf1 Rb8 27. Kg2 Nc8 28.
a5 b6 29. Nd2 bxa5 30. bxa5 Rfb7 31. f4 Na7 32. Rxb7 Rxb7 33. Rb3 Rb5 34. Rxb5
cxb5 35. Nb3 Nc6 36. g4 Kf7 37. Kg3 b4 38. f5 Ke7 39. Kf4 Kf7 40. h4 h6 41. g5
hxg5+ 42. Kxg5 exf5 43. Kxf5 Nd8 44. Kf4 Kg6 45. Kg4 Ne6 46. h5+ Kf7 47. Kf5
Nd8 48. Nc5 Ne6 49. Nxe6 b3 50. Ng5+ 1-0

[Event "Open13 2007/2008"]
[Site "?"]
[Date "2008.01.12"]
[Round "5"]
[White "Larribere, Hadrien"]
[Black "Girard, Jean-Pierre"]
[Result "0-1"]
[WhiteElo "1872"]
[BlackElo "1992"]
[PlyCount "135"]
[EventDate "2008.??.??"]

1. d4 Nf6 2. c4 e6 3. g3 Bb4+ 4. Bd2 Be7 5. Bg2 d6 6. Nc3 Nbd7 7. Nf3 c5 8. e3
a6 9. Qe2 Qc7 10. O-O b6 11. Rfd1 Bb7 12. Rac1 O-O 13. h3 Rfe8 14. e4 cxd4 15.
Nxd4 Rac8 16. b3 h6 17. Na4 Qb8 18. Nc3 Qa8 19. Kh2 Ne5 20. f4 Nc6 21. Nxc6
Bxc6 22. Rg1 Qb7 23. e5 dxe5 24. fxe5 Nd7 25. Bf4 Bc5 26. Rgd1 Bxg2 27. Qxg2
Qxg2+ 28. Kxg2 Rcd8 29. h4 Ba3 30. Rc2 Be7 31. Ne4 g5 32. hxg5 hxg5 33. Nxg5
Nc5 34. Rxd8 Rxd8 35. Nf3 Ne4 36. Be3 Bc5 37. Bxc5 Nxc5 38. b4 Nd3 39. a3 Kf8
40. Kf1 a5 41. bxa5 bxa5 42. c5 Ke7 43. Ke2 Rd5 44. c6 Nc5 45. g4 Kd8 46. Rd2
Kc7 47. Rxd5 exd5 48. Nd4 Ne4 49. Ke3 Nc3 50. Kf4 Nb1 51. Kf5 Nxa3 52. Kf6 Nc4
53. g5 a4 54. e6 fxe6 55. Kxe6 a3 56. Kxd5 a2 57. Nc2 Ne3+ 58. Nxe3 a1=Q 59.
Ke6 Qe1 60. g6 Qxe3+ 61. Kf7 Qf4+ 62. Kg8 Kxc6 63. g7 Kd7 64. Kh7 Qf7 65. Kh8
Qf6 66. Kh7 Qf5+ 67. Kh8 Qh5+ 68. Kg8 0-1

[Event "Open13 2007/2008"]
[Site "?"]
[Date "2008.01.12"]
[Round "5"]
[White "Baquer, Marc"]
[Black "Battaglia, Gerard"]
[Result "0-1"]
[WhiteElo "1890"]
[BlackElo "1806"]
[PlyCount "128"]
[EventDate "2008.??.??"]

1. d4 Nf6 2. Bg5 g6 3. Bxf6 exf6 4. e3 Bg7 5. g3 O-O 6. Bg2 d5 7. Nd2 Re8 8.
Ne2 c6 9. O-O f5 10. c4 Be6 11. Rc1 Nd7 12. cxd5 cxd5 13. Qb3 Nf6 14. Rc2 Qd7
15. Rfc1 Rac8 16. Rxc8 Rxc8 17. Rxc8+ Qxc8 18. Qc3 Qd8 19. f3 g5 20. Nb3 b6 21.
Nbc1 Ne8 22. Nd3 Qc7 23. Nb4 a5 24. Qxc7 Nxc7 25. Nc6 Bf8 26. f4 g4 27. Nc3 Kg7
28. Kf2 f6 29. Nd8 Bg8 30. a3 Be7 31. Nc6 Kf8 32. Nxe7 Kxe7 33. Na4 b5 34. Nc5
Bf7 35. h4 Be8 36. Ke2 Bc6 37. Nb3 a4 38. Nc5 Ne8 39. Kd2 Nd6 40. Bf1 Nc4+ 41.
Bxc4 dxc4 42. Kc3 Kd6 43. Kb4 Kd5 44. Ka5 c3 45. bxc3 Kc4 46. Kb6 Be8 47. e4
Kxc3 48. e5 Kxd4 49. exf6 Ke3 50. Ka5 Kf3 51. Ne6 Kxg3 52. Ng7 Bf7 53. Nxf5+
Kxf4 54. Nd4 g3 55. Ne2+ Kf3 56. Ng1+ Kg2 57. Ne2 Be8 58. h5 Kf2 59. Nf4 g2 60.
f7 Bxf7 61. Kxb5 Be8+ 62. Kb4 g1=Q 63. Nh3+ Kf1 64. Nxg1 Kxg1 0-1

[Event "Open13 2007/2008"]
[Site "?"]
[Date "2008.01.12"]
[Round "5"]
[White "Corrias, Robert"]
[Black "Brot, Fabrice"]
[Result "0-1"]
[WhiteElo "1820"]
[BlackElo "1710"]
[PlyCount "86"]
[EventDate "2008.??.??"]

1. d4 c6 2. e4 d5 3. Nc3 dxe4 4. Nxe4 Nd7 5. Nf3 Ngf6 6. Ng3 e6 7. Bd3 Bd6 8.
O-O Nd5 9. Ne4 Bc7 10. c4 Nf4 11. Bc2 Nf6 12. Be3 Nxe4 13. Bxe4 f5 14. Bc2 O-O
15. Qd2 Ng6 16. Qc3 Qd6 17. c5 Qe7 18. Bg5 Qd7 19. Rad1 Nf4 20. Rfe1 Nd5 21.
Qd2 Qf7 22. Ne5 Qh5 23. Bb3 f4 24. Nf3 h6 25. Bxd5 exd5 26. Be7 Rf7 27. Bd6
Bxd6 28. cxd6 Bg4 29. Qc3 Bxf3 30. Qxf3 Qxf3 31. gxf3 Rd7 32. Re6 Rad8 33. Re7
Rxe7 34. dxe7 Re8 35. Re1 Kf7 36. Kg2 Rxe7 37. Rd1 Re2 38. Rd3 Rxb2 39. Rb3
Rxb3 40. axb3 a5 41. Kf1 b5 42. Ke2 Kg6 43. Kd3 Kh5 0-1

[Event "Open13 2007/2008"]
[Site "?"]
[Date "2008.01.12"]
[Round "5"]
[White "Israel, Daniel"]
[Black "Pieri, Thierry"]
[Result "1/2-1/2"]
[WhiteElo "1760"]
[BlackElo "1926"]
[PlyCount "134"]
[EventDate "2008.??.??"]

1. d4 Nf6 2. Nf3 c5 3. c3 d5 4. Bf4 Qb6 5. Qc1 Nc6 6. e3 Bf5 7. Nbd2 cxd4 8.
exd4 Rc8 9. Be2 Nb4 10. O-O Bd3 11. Qd1 Qa6 12. Re1 Bxe2 13. Qxe2 Nc2 14. Qxa6
bxa6 15. Ne5 e6 16. Bg5 Bd6 17. Nd3 Nxa1 18. Rxa1 O-O 19. Nb3 Rb8 20. Rb1 Nd7
21. Na5 Rfc8 22. Re1 Nb6 23. Nb3 Na4 24. Re2 Rb5 25. g3 a5 26. h4 Rcb8 27. Kg2
Nxb2 28. Nxb2 Kf8 29. Nd3 h6 30. Be3 Ke7 31. Ndc5 Bxc5 32. Nxc5 Rb2 33. Bd2 Ke8
34. Bf4 Rxe2 35. Bxb8 Rxa2 36. Bxa7 a4 37. Nxa4 Rxa4 38. Bc5 Kd7 39. Bf8 g5 40.
Bxh6 gxh4 41. gxh4 e5 42. Bg7 exd4 43. Bxd4 Ke6 44. Kf3 Kf5 45. Kg3 Ra1 46. Kh3
Kf4 47. Be3+ Kf3 48. Kh2 f5 49. h5 Ra6 50. Kh3 Ra1 51. Kh4 Rg1 52. h6 f4 53.
Bd4 Rh1+ 54. Kg5 Rg1+ 55. Kf6 Rh1 56. Kg7 Rg1+ 57. Kh8 Rh1 58. h7 Rg1 59. Bg7
Rh1 60. Kg8 Kxf2 61. Bd4+ Ke2 62. h8=Q Rxh8+ 63. Kxh8 f3 64. Kg7 f2 65. Bxf2
Kxf2 66. Kf6 Ke3 67. Ke5 Kd3 1/2-1/2

[Event "Open13 2007/2008"]
[Site "?"]
[Date "2008.02.02"]
[Round "6"]
[White "Battaglia, Gerard"]
[Black "Milesi, Laurent"]
[Result "1/2-1/2"]
[WhiteElo "1806"]
[BlackElo "2155"]
[PlyCount "119"]
[EventDate "2008.??.??"]

1. d4 b6 2. e4 Bb7 3. e5 d6 4. Nf3 dxe5 5. Nxe5 Nf6 6. Bc4 e6 7. O-O Be7 8. Be3
O-O 9. Nd2 c5 10. dxc5 Qc7 11. Ndf3 Bxc5 12. Bxc5 Qxc5 13. Qe2 Nbd7 14. Rad1
Rad8 15. Bb3 Rfe8 16. Rfe1 Nxe5 17. Nxe5 Ne4 18. Nd3 Qf5 19. f3 Nf6 20. Qe5
Qxe5 21. Nxe5 Rxd1 22. Rxd1 Rc8 23. Kf2 Kf8 24. a3 Ke7 25. c3 Rc5 26. Nd3 Rh5
27. h3 a5 28. Rd2 Rf5 29. Re2 Ba6 30. c4 h5 31. Re5 Rxe5 32. Nxe5 Nd7 33. Nd3
Kd6 34. Ke3 Nc5 35. Ba2 a4 36. Nb4 h4 37. Kd4 g5 38. Nxa6 e5+ 39. Kc3 Nxa6 40.
c5+ Kxc5 41. Bxf7 Nc7 42. Kd3 Nb5 43. Be8 Nd4 44. Bxa4 Ne6 45. b4+ Kd6 46. Ke3
Nf4 47. Kf2 Kd5 48. Bb3+ Kd4 49. Bc2 Kc3 50. Be4 Kb3 51. b5 Kxa3 52. g3 Ne6 53.
gxh4 gxh4 54. Ke3 Kb4 55. Bc6 Ng5 56. Bd7 Kc5 57. f4 exf4+ 58. Kxf4 Nxh3+ 59.
Bxh3 Kxb5 60. Bf1+ 1/2-1/2

[Event "Open13 2007/2008"]
[Site "?"]
[Date "2008.02.02"]
[Round "6"]
[White "Estevez, Ange"]
[Black "Reymond, Jean-Francois"]
[Result "1/2-1/2"]
[WhiteElo "1632"]
[BlackElo "1690"]
[PlyCount "90"]
[EventDate "2008.??.??"]

1. e4 d5 2. e5 d4 3. Nf3 c5 4. d3 e6 5. g3 Nc6 6. Bg2 Nge7 7. O-O Ng6 8. Re1
Be7 9. a4 O-O 10. h4 Qc7 11. Qe2 h6 12. Na3 a6 13. Nc4 Rb8 14. a5 Bd7 15. Bd2
Nb4 16. Bxb4 cxb4 17. Nxd4 Bc5 18. c3 bxc3 19. bxc3 b5 20. axb6 Bxb6 21. Rxa6
Ne7 22. Nxb6 Rxb6 23. Rxb6 Qxb6 24. Ra1 Nd5 25. Bxd5 exd5 26. Qa2 Qc5 27. Qa5
Qc8 28. Rc1 Be6 29. Nb5 Bg4 30. Nd4 Qb7 31. Qb5 Qa8 32. Rb1 Qa2 33. Qb2 Qa6 34.
Qb5 Qa2 35. Qb2 Qa5 36. f3 Be6 37. Kh2 Qc7 38. f4 Bd7 39. Re1 Qa7 40. e6 fxe6
41. Nxe6 Rb8 42. Qd2 Be8 43. d4 Bh5 44. Qg2 Qa5 45. Qd2 Qa3 1/2-1/2

[Event "Open13 2007/2008"]
[Site "Meyreuil"]
[Date "2008.02.02"]
[Round "6"]
[White "Gomez, Guy"]
[Black "Parroco, Pierre-Jean"]
[Result "1-0"]
[WhiteElo "1660"]
[BlackElo "1765"]
[PlyCount "53"]

1. e4 e5 2. Nf3 Nc6 3. a3 Nf6 4. Nc3 Be7 5. d4 exd4 6. Nxd4 d6 7. Be2 O-O 8.
Nf5 Bxf5 9. exf5 d5 10. Bf4 a6 11. Bd3 Bd6 12. Bg5 Re8+ 13. Ne2 Ne5 14. O-O
Nxd3 15. Qxd3 Bxh2+ 16. Kh1 Bd6 17. Ng3 c6 18. f4 Be7 19. Rae1 Ne4 20. Nxe4
dxe4 21. Rxe4 Bxg5 22. Rxe8+ Qxe8 23. fxg5 Rd8 24. Qf3 Rd2 25. g6 hxg6 26. fxg6
f6 27. Qh5 1-0

[Event "Open13 2007/2008"]
[Site "Meyreuil"]
[Date "2008.02.02"]
[Round "6"]
[White "Kolb, Sebastien"]
[Black "Girard, Jean-Pierre"]
[Result "1-0"]
[WhiteElo "2176"]
[BlackElo "1992"]
[PlyCount "67"]

1. e4 c5 2. Nf3 d6 3. d4 cxd4 4. Nxd4 Nf6 5. Nc3 a6 6. Bg5 e6 7. f4 Nbd7 8. Qf3
Qc7 9. O-O-O Be7 10. g4 b5 11. Bxf6 Nxf6 12. g5 Nd7 13. f5 Bxg5+ 14. Kb1 Ne5
15. Qh5 Qd8 16. h4 Bf6 17. fxe6 O-O 18. Bh3 Ra7 19. Nd5 fxe6 20. Bxe6+ Kh8 21.
Bxc8 Qxc8 22. Nxf6 Rxf6 23. Nf5 Nc4 24. Qg5 Rc7 25. h5 Qe6 26. h6 Qe5 27. hxg7+
Kg8 28. Nh6+ Rxh6 29. Qxe5 dxe5 30. Rxh6 Kxg7 31. Rxa6 Ne3 32. Rg1+ Kf7 33. Rh6
Rxc2 34. Rxh7+ 1-0

[Event "Open13 2007/2008"]
[Site "Meyreuil"]
[Date "2008.02.02"]
[Round "6"]
[White "Pleynet, Olivier"]
[Black "Israel, Daniel"]
[Result "1/2-1/2"]
[WhiteElo "1918"]
[BlackElo "1760"]
[PlyCount "63"]

1. e4 c6 2. d4 d5 3. e5 Bf5 4. g4 Bg6 5. h4 h5 6. g5 e6 7. Nh3 Bf5 8. Bd3 Bxh3
9. Rxh3 g6 10. c3 Nd7 11. Be3 Qc7 12. f4 Ne7 13. Na3 a6 14. Nc2 c5 15. dxc5
Nxc5 16. Bxc5 Qxc5 17. Nd4 b5 18. a4 b4 19. Qb3 Nc6 20. Nxc6 Qxc6 21. cxb4 Rb8
22. b5 Qb6 23. Rc1 Qg1+ 24. Bf1 Bc5 25. Rc2 Qd4 26. Rf3 O-O 27. Be2 Rfc8 28.
Bd3 Qg1+ 29. Bf1 Qd4 30. Bd3 Qg1+ 31. Bf1 Qd4 32. Bd3 1/2-1/2